| 000 | 00457nam a2200157Ia 4500 | ||
|---|---|---|---|
| 008 | 210210b1970 xxu||||| |||| 00| 0 eng d | ||
| 082 | _a030 ENCY | ||
| 100 | _aENCYCLOPAEDIA BRITANICA | ||
| 245 | _aENCYCLOPAEDIA BRITANICA. (Vietnam to Zworykin) Vol 23. | ||
| 260 |
_aChicago. _bEncyclopaedia Britanica, Inc, William Benton., _c1970 |
||
| 300 | _a1027 | ||
| 440 | _a23 | ||
| 650 | _aEncyclopaedia Britanica | ||
| 690 | _aEncyclopaedia | ||
| 906 | _a028537 | ||
| 999 |
_c79780 _d79780 |
||